La caricatura contemporánea (Record no. 30016)

MARC details
000 -LEADER
campo de control de longitud fija 01008nam a2200241 i 4500
001 - NÚMERO DE CONTROL
campo de control 30016
003 - IDENTIFICADOR DE NÚMERO DE CONTROL
campo de control ES-MaACL
005 - FECHA Y HORA DE LA ÚLTIMA TRANSACCIÓN
campo de control 20250730063053.0
007 - CAMPO FIJO DE DESCRIPCIÓN FÍSICA--INFORMACIÓN GENERAL
campo de control de longitud fija t|
008 - DATOS DE LONGITUD FIJA--INFORMACIÓN GENERAL
campo de control de longitud fija 030123s1918 sp ||||1| spa d
100 1# - ENTRADA PRINCIPAL--NOMBRE DE PERSONA
Nombre de persona Barros, Bernardo G.,
Fechas asociadas al nombre 1890-1922
9 (RLIN) 26046
245 13 - MENCIÓN DEL TÍTULO
Título La caricatura contemporánea
Resto del título : Francia, Italia, España, Portugal, Inglaterra y otras naciones de América /
Mención de responsabilidad, etc. Bernardo G. Barros.
260 ## - PUBLICACIÓN, DISTRIBUCIÓN, ETC.
Lugar de publicación, distribución, etc. Madrid :
Nombre del editor, distribuidor, etc. [Juan Pueyo,
Fecha de publicación, distribución, etc. 1918]
300 ## - DESCRIPCIÓN FÍSICA
Extensión 2 v. ;
Dimensiones 19 cm.
490 1# - MENCIÓN DE SERIE
Mención de serie Biblioteca Andrés Bello
505 8# - NOTA DE CONTENIDO CON FORMATO
Nota de contenido con formato Contiene: t. 1. El arte humorístico. Alemania. Francia (268 p.) -- t. 2. Italia. España. Portugal. Inglaterra. Otras naciones. América (293 p.)
530 ## - NOTA DISPONIBLE DE FORMULARIO FÍSICO ADICIONAL
Nota de formato físico adicional disponible Disponible en formato digital.
830 0# - PUNTO DE ACCESO ADICIONAL DE SERIE-TÍTULO UNIFORME
Título uniforme Biblioteca Andrés Bello
9 (RLIN) 182215
852 ## - LOCALIZACIÓN
Ubicación ES-MaACL
Número de control de estantería F-6645-46
Ubicación en estantería Depósito 2
Nota libre Revisado enlace: 1 de Junio
856 4# - LOCALIZACIÓN Y ACCESO ELECTRÓNICOS
Identificador Uniforme de Recursos <a href="http://bdh-rd.bne.es/viewer.vm?id=0000251635&page=1 ">http://bdh-rd.bne.es/viewer.vm?id=0000251635&page=1 </a>
Texto de enlace Biblioteca Digital Hispánica
942 ## - ELEMENTOS DE ENTRADA SECUNDARIOS (KOHA)
Fuente del sistema de clasificación o colocación Clasificación decimal universal
Holdings
Estatus retirado Estado de pérdida Estado de daño No para préstamo Colección Biblioteca de origen Biblioteca actual Ubicación en estantería Fecha de adquisición Fuente de adquisición Total de préstamos Signatura topográfica completa Código de barras Visto por última vez Precio de reemplazo Tipo de ítem Koha
        Colección digital Biblioteca del Ateneo de Madrid Biblioteca del Ateneo de Madrid Depósito 2 17/01/2008     F-6645-46 1030989 23/02/2023 23/02/2023 Libro impreso